Inovácie a nové technológie v logistike

Výhľady inovácií v logistike. Pozornosť je venovaná riadeniu informačného toku. Využitie informačných a komunikačných technológií sa prejavuje vo zvýšenej pružnosti v logistických činnostiach.

Salvato in:
Dettagli Bibliografici
Autore principale: Dzurová, Mária
Natura: Capitolo di libro
Lingua:slovacco
Soggetti:
Tags: Aggiungi Tag
Nessun Tag, puoi essere il primo ad aggiungerne!!

MARC

LEADER 00000naa$a2200000$$$4500
001 0102902
005 20240522074732.8
041 0 |a slo 
044 |a SK 
245 1 0 |a Inovácie a nové technológie v logistike  |c Mária Dzurová 
520 |a Výhľady inovácií v logistike. Pozornosť je venovaná riadeniu informačného toku. Využitie informačných a komunikačných technológií sa prejavuje vo zvýšenej pružnosti v logistických činnostiach. 
610 2 0 |a inovácia 
610 2 0 |a logistika 
610 2 0 |a informácie 
610 2 0 |a technológie nové 
100 1 |a Dzurová, Mária